| 000 | 01281nam a2200373Ia 4500 | ||
|---|---|---|---|
| 001 | dia_2460 | ||
| 003 | CHAP | ||
| 005 | 20240222115510.0 | ||
| 007 | ta | ||
| 008 | 220117s2002 mx a fr 001 0 spa d | ||
| 040 |
_cCHAP _amxchpua |
||
| 090 |
_aT.C.349 _bP47 _c2002 |
||
| 245 | 1 | 0 |
_aReporte final de la empresa juvenil INTERSSET / _ccoordinador Fernando Pérez Pelayo ; colaboradores Valentín Hernández Hernández...[et al.] |
| 260 |
_aMéxico : _bEl autor, _c2002 |
||
| 300 |
_acerca 200 hojas : _bilustraciones |
||
| 336 |
_2rdacontent _atexto _btxt |
||
| 337 |
_2rdamedia _asin medio _bn |
||
| 338 |
_2rdacarrier _avolumen _bnc |
||
| 502 |
_aViaje de Estudios -- _cUACh. Departamento de Ingeniería Agroindustrial, _d2002 |
||
| 650 | 1 | 3 |
_aCapacitación _918690 |
| 650 | 1 | 3 |
_aEmpresas pequeñas _936658 |
| 650 | 1 | 3 |
_aMotivación _9152922 |
| 650 | 1 | 3 |
_aJob training _9148736 |
| 650 | 1 | 3 |
_aMotivation _9152923 |
| 650 | 1 | 3 |
_aSmall businesses _9152924 |
| 700 | 1 |
_aPérez Pelayo, Fernando _9147691 _ecoordinador |
|
| 700 | 1 |
_aHernández Hernández, Valentin _954165 _ecolaborador |
|
| 901 | _aT.C.349 P47 2002 | ||
| 902 | _aM | ||
| 905 | _a5232272002 mx n 8223123322spa16 | ||
| 942 | _2local | ||
| 942 | _cVE | ||
| 999 |
_c172983 _d172983 |
||